Statistics for Countries With a Population Similar to the State of California

Click here to take the quiz!

General Stats

  • This quiz has been taken 104 times
    (40 since last reset)
  • The average score is 4 of 7

Answer Stats

Population Country % Correct
38,433,600Poland
76%
42,177,579Ukraine
74%
37,354,300Canada
63%
43,378,027Algeria
55%
39,127,900Iraq
55%
41,214,192Sudan
50%
40,006,700Uganda
47%

Score Distribution

Percentile by Number Answered

Percent of People with Each Score

Your Score History

You have not taken this quiz since the last reset